Higher engineering mathematics (Record no. 178099)

MARC details
000 -LEADER
fixed length control field 00424nam a2200169Ia 4500
008 - FIXED-LENGTH DATA ELEMENTS--GENERAL INFORMATION
fixed length control field 231217s9999 xx 000 0 und d
020 ## - INTERNATIONAL STANDARD BOOK NUMBER
International Standard Book Number 81-7409-115-7
041 ## - LANGUAGE CODE
Language code of text/sound track or separate title English
082 ## - DEWEY DECIMAL CLASSIFICATION NUMBER
Classification number 510.02462 GRE1;62
100 ## - MAIN ENTRY--PERSONAL NAME
Personal name Grewal, B S. Grewal, J S.
245 #0 - TITLE STATEMENT
Title Higher engineering mathematics
250 ## - EDITION STATEMENT
Edition statement 35th ed.
260 ## - PUBLICATION, DISTRIBUTION, ETC.
Date of publication, distribution, etc. 2000
Name of publisher, distributor, etc. Khanna
Place of publication, distribution, etc. Delhi
300 ## - PHYSICAL DESCRIPTION
Extent 1104
650 ## - SUBJECT ADDED ENTRY--TOPICAL TERM
Topical term or geographic name entry element Higher,mathematics
942 ## - ADDED ENTRY ELEMENTS (KOHA)
Koha item type Books
Holdings
Date last seen Total checkouts Full call number Accession number Price effective from Category Lost status Damaged status Department Withdrawn status Home library Current library Shelving location Entry date Vendor Grants Billdate Currency symbol Conversion rate Discount Old discount
26/01/2024   510.02462 GRE1;62 42950 26/01/2024 Books     Information Science   Central Library Central Library Central Library 08/09/2006 Publisher IS 25/08/2008 RS 1    

© For any Suggestions or Query, please contact the library staff @ librarian@pes.edu or Phone: +9180 2672 1983/ 2108.